Instabilities and potentialities : (Record no. 6698)

MARC details
000 -LEADER
fixed length control field 01703cam a2200373 i 4500
001 - CONTROL NUMBER
control field 20720722
003 - CONTROL NUMBER IDENTIFIER
control field OSt
005 - DATE AND TIME OF LATEST TRANSACTION
control field 20240418064052.0
008 - FIXED-LENGTH DATA ELEMENTS--GENERAL INFORMATION
fixed length control field 181026s2019 nyua b 001 0 eng
010 ## - LIBRARY OF CONGRESS CONTROL NUMBER
LC control number 2018050601
020 ## - INTERNATIONAL STANDARD BOOK NUMBER
International Standard Book Number 9781138583986
Qualifying information (hardback)
020 ## - INTERNATIONAL STANDARD BOOK NUMBER
International Standard Book Number 9781138583993
Qualifying information (pbk.)
020 ## - INTERNATIONAL STANDARD BOOK NUMBER
Canceled/invalid ISBN 9780429506338
Qualifying information (e-book)
020 ## - INTERNATIONAL STANDARD BOOK NUMBER
Canceled/invalid ISBN 9780429014000
Qualifying information ebook
040 ## - CATALOGING SOURCE
Original cataloging agency DLC
Language of cataloging eng
Transcribing agency DLC
Description conventions rda
Modifying agency DLC
042 ## - AUTHENTICATION CODE
Authentication code pcc
050 00 - LIBRARY OF CONGRESS CALL NUMBER
Classification number NA2500
Item number .I555 2019
082 00 - DEWEY DECIMAL CLASSIFICATION NUMBER
Classification number 720.1 I555 2019
Edition number 23
245 00 - TITLE STATEMENT
Title Instabilities and potentialities :
Remainder of title notes on the nature of knowledge in digital architecture /
Statement of responsibility, etc. edited by Chandler Ahrens and Aaron Sprecher.
264 #1 - PRODUCTION, PUBLICATION, DISTRIBUTION, MANUFACTURE, AND COPYRIGHT NOTICE
Place of production, publication, distribution, manufacture New York :
Name of producer, publisher, distributor, manufacturer Routledge, Taylor & Francis Group,
Date of production, publication, distribution, manufacture, or copyright notice 2019.
300 ## - PHYSICAL DESCRIPTION
Extent xxii, 251 pages :
Other physical details illustrations ;
Dimensions 24 cm
336 ## - CONTENT TYPE
Content type term text
Content type code txt
Source rdacontent
337 ## - MEDIA TYPE
Media type term unmediated
Media type code n
Source rdamedia
338 ## - CARRIER TYPE
Carrier type term volume
Carrier type code nc
Source rdacarrier
504 ## - BIBLIOGRAPHY, ETC. NOTE
Bibliography, etc. note Includes bibliographical references and index.
505 2# - FORMATTED CONTENTS NOTE
Formatted contents note Episodes in the Emergence of Imaging Practices / Mark Linder -- Objects : Technology, Technique, Techné : Creation vs Contingency in Computational Design / Alvin Huang -- Dissimilar at First Sight : Structural Abstraction and the Promises of Isomorphism in 1960s Architectural Theory / Theodora Vardouli.
650 #0 - SUBJECT ADDED ENTRY--TOPICAL TERM
Topical term or geographic name entry element Architecture
General subdivision Philosophy.
650 #0 - SUBJECT ADDED ENTRY--TOPICAL TERM
Topical term or geographic name entry element Architectural design
General subdivision Data processing.
700 1# - ADDED ENTRY--PERSONAL NAME
Personal name Ahrens, Chandler,
Relator term editor.
700 1# - ADDED ENTRY--PERSONAL NAME
Personal name Sprecher, Aaron,
Relator term editor.
906 ## - LOCAL DATA ELEMENT F, LDF (RLIN)
a 7
b cbc
c orignew
d 1
e ecip
f 20
g y-gencatlg
942 ## - ADDED ENTRY ELEMENTS (KOHA)
Source of classification or shelving scheme Dewey Decimal Classification
Koha item type English Book
Suppress in OPAC No
Holdings
Withdrawn status Lost status Source of classification or shelving scheme Damaged status Not for loan Home library Current library Date acquired Total Checkouts Full call number Barcode Date last seen Price effective from Koha item type
    Dewey Decimal Classification     CENTRAL TUWAIQ 04/18/2024   720.1 I555 2019 1000000024870 04/18/2024 04/18/2024 English Book